Ten Least Guessed Canadian Prime Ministers - Statistics

General Stats
  • This quiz has been taken 4 times
  • The average score is 8 of 10
Answer Stats
% Term Hint Prime Minister % Correct
28% 1896 The only Prime Minister with a medical degree, his 68-day term is the shortest in Canadian history Sir Charles Tupper
100%
26% 1920–1921, 1926 His brief second term came about due to the King-Byng Scandal Arthur Meighen
75%
44% 1979–1980 The youngest Prime Minister, taking office the day before his 40th birthday Joe Clark
75%
37% 1984 Was Prime Minister for only 79 days John Turner
75%
33% 1948–1957 Oversaw the construction of the Trans-Canada Highway, St. Lawrence Seaway, and Trans-Canada Pipeline Louis St. Laurent
75%
30% 1930–1935 Prime Minister during most of the Great Depression R.B. Bennett
75%
25% 1891–1892 Became Prime Minister after Macdonald's death in office Sir John Abbott
75%
23% 1894–1896 Became Prime Minister after the death in office of the former Sir Mackenzie Bowell
75%
40% 1911–1920 Prime Minister during World War I, helped expand Canada's autonomy Sir Robert Borden
75%
22% 1892–1894 The first Catholic Prime Minister Sir John Thompson
50%
No matching quizzes found
Score Distribution
Percent of People with Each Score
Percentile by Number Answered
Your Score History
You have not taken this quiz